10 Smallest Asian Countries by Area Quiz - Statistics

General Stats
  • This quiz has been taken 2,316 times
    2,104 since last reset
  • The average score is 8 of 10
Answer Stats
Area (Sq. Km.) Answer % Correct
697 Singapore
93%
760 Bahrain
90%
5,765 Brunei
90%
11,586 Qatar
89%
15,850 East Timor
83%
17,818 Kuwait
81%
298 Maldives
81%
20,770 Israel
75%
10,400 Lebanon
74%
9,251 Cyprus
64%
No matching quizzes found
Score Distribution
Percent of People with Each Score
Percentile by Number Answered
Your Score History
You have not taken this quiz since the last reset